Elements of research (Record no. 429164)

000 -LEADER
fixed length control field 00329cam a22001217a 4500
008 - FIXED-LENGTH DATA ELEMENTS--GENERAL INFORMATION
fixed length control field 180718b1961 xxu||||| |||| 00| 0 eng d
082 ## - DEWEY DECIMAL CLASSIFICATION NUMBER
Classification number I55 W612
100 ## - MAIN ENTRY--PERSONAL NAME
Personal name Whitney, Frederick Lamson
245 ## - TITLE STATEMENT
Title Elements of research
Statement of responsibility, etc. by Frederick Lamson Whitney
260 ## - PUBLICATION, DISTRIBUTION, ETC.
Place of publication, distribution, etc. Bombay
Name of publisher, distributor, etc. Asia
Date of publication, distribution, etc. 1961
300 ## - PHYSICAL DESCRIPTION
Extent xvi, 539p.
650 ## - SUBJECT ADDED ENTRY--TOPICAL TERM
Topical term or geographic name entry element Research
Holdings
Withdrawn status Lost status Damaged status Not for loan Permanent Location Current Location Date acquired Full call number Barcode Date last seen Price effective from Koha item type
        Indian Institute of Public Administration Indian Institute of Public Administration 2009-12-21 I55 W612 29962 2018-07-21 2018-07-21 Book

Powered by Koha